[Event "Vellmar op-A 5th"]
[Site "Vellmar"]
[Date "2013.07.28"]
[Round "7"]
[White "Schaefer, Annabelle"]
[Black "Kobs, Stephan"]
[Result "1-0"]
[WhiteElo "1930"]
[BlackElo "1986"]
[PlyCount "67"]
[EventDate "2013.07.25"]
[EventType "swiss"]
[EventRounds "7"]
[EventCountry "GER"]
[SourceTitle "EXT 2015"]
[Source "ChessBase"]
[SourceDate "2014.11.20"]
[SourceVersion "1"]
[SourceVersionDate "2014.11.20"]
[SourceQuality "1"]

1. e4 c5 2. Nc3 Nc6 3. Bb5 Nd4 4. Bc4 e6 5. Nge2 a6 6. Nxd4 cxd4 7. Ne2 b5 8. Bb3 Bc5 9. d3 Ne7 10. 0-0 0-0 11. Kh1 Bb7 12. f4 f5 13. Ng3 Qe8 14. Bd2 Qg6 15. Qe2 Rae8 16. Rae1 Kh8 17. c3 Nc6 18. Bc2 Bb6 19. c4 b4 20. a3 a5 21. axb4 axb4 22. Ra1 Bc5 23. Rf3 Qg4 24. Re1 Qg6 25. Nf1 Qh5 26. Bd1 Qf7 27. Rh3 g6 28. Qf2 Kg8 29. Ng3 fxe4 30. dxe4 d6 31. Qe2 Bc8 32. Qd3 Re7 33. e5 dxe5 34. Ne4 1-0

[Event "Vellmar op-A 5th"]
[Site "Vellmar"]
[Date "2013.07.27"]
[Round "4"]
[White "Wesslen, Ulf"]
[Black "Schaefer, Annabelle"]
[Result "1-0"]
[WhiteElo "2050"]
[BlackElo "1930"]
[PlyCount "63"]
[EventDate "2013.07.25"]
[EventType "swiss"]
[EventRounds "7"]
[EventCountry "GER"]
[SourceTitle "EXT 2015"]
[Source "ChessBase"]
[SourceDate "2014.11.20"]
[SourceVersion "1"]
[SourceVersionDate "2014.11.20"]
[SourceQuality "1"]

1. e4 e5 2. Nf3 Nc6 3. Bb5 a6 4. Ba4 Nf6 5. 0-0 Nxe4 6. Re1 Nc5 7. Bxc6 dxc6 8. Nxe5 Be7 9. d4 Ne6 10. Be3 0-0 11. c3 Bd6 12. f4 f6 13. Nd3 Re8 14. Nd2 b6 15. Ne4 Nf8 16. Ng3 Ng6 17. Qf3 Ne7 18. Bd2 Bb7 19. c4 Rb8 20. Bc3 c5 21. d5 c6 22. Qg4 Ng6 23. h4 Bc8 24. Re6 Bxe6 25. dxe6 Bxf4 26. Nxf4 Nxf4 27. Rd1 Qc8 28. Qxf4 Qxe6 29. Nf5 Rbd8 30. Rf1 Rd3 31. Qg4 Qe7 32. Bxf6 1-0

[Event "Vellmar op-A 5th"]
[Site "Vellmar"]
[Date "2013.07.26"]
[Round "2"]
[White "Humburg, Philipp"]
[Black "Schaefer, Annabelle"]
[Result "1-0"]
[WhiteElo "2054"]
[BlackElo "1930"]
[PlyCount "53"]
[EventDate "2013.07.25"]
[EventType "swiss"]
[EventRounds "7"]
[EventCountry "GER"]
[SourceTitle "EXT 2015"]
[Source "ChessBase"]
[SourceDate "2014.11.20"]
[SourceVersion "1"]
[SourceVersionDate "2014.11.20"]
[SourceQuality "1"]

1. e4 e5 2. Nf3 Nf6 3. Nxe5 d6 4. Nf3 Nxe4 5. Nc3 Nxc3 6. dxc3 Be7 7. Be3 Nc6 8. Qd2 Be6 9. h4 h6 10. h5 Bf6 11. Nd4 Nxd4 12. cxd4 c6 13. Be2 Qd7 14. 0-0-0 a5 15. Kb1 a4 16. a3 b5 17. Rhg1 Bg4 18. Rde1 Kd8 19. Qb4 Bxe2 20. Rxe2 Be7 21. Bf4 d5 22. Qc3 Qb7 23. Qg3 Bf6 24. Bxh6 Rxh6 25. Qd6+ Qd7 26. Qf8+ Kc7 27. Qxa8 1-0

[Event "Vellmar op-A 5th"]
[Site "Vellmar"]
[Date "2013.07.26"]
[Round "3"]
[White "Schaefer, Annabelle"]
[Black "Knoth, Eugen"]
[Result "1/2-1/2"]
[WhiteElo "1930"]
[BlackElo "1993"]
[PlyCount "74"]
[EventDate "2013.07.25"]
[EventType "swiss"]
[EventRounds "7"]
[EventCountry "GER"]
[SourceTitle "EXT 2015"]
[Source "ChessBase"]
[SourceDate "2014.11.20"]
[SourceVersion "1"]
[SourceVersionDate "2014.11.20"]
[SourceQuality "1"]

1. e4 c6 2. d4 d5 3. Nc3 dxe4 4. Nxe4 Bf5 5. Ng3 Bg6 6. Nh3 e6 7. Nf4 Bd6 8. h4 Ne7 9. h5 Bf5 10. Nxf5 exf5 11. c3 Qc7 12. Qf3 Nd7 13. Bc4 Nb6 14. Bb3 0-0 15. Be3 a5 16. g4 a4 17. Bc2 Ned5 18. Nxd5 Nxd5 19. Qxf5 g6 20. hxg6 fxg6 21. Qe6+ Qf7 22. Qxf7+ Rxf7 23. Ke2 a3 24. Bb3 axb2 25. Bxd5 bxa1Q 26. Bxf7+ Kxf7 27. Rxa1 b5 28. Bd2 Ke6 29. Kd3 Kd5 30. Rh1 Ra7 31. f4 Rf7 32. Rf1 h5 33. gxh5 gxh5 34. f5 Be7 35. Re1 Bd6 36. Rf1 Be7 37. Be1 Kd6 1/2-1/2

[Event "Karl Mala Memorial op-A 16th"]
[Site "Frankfurt"]
[Date "2013.07.12"]
[Round "2"]
[White "Benninger, Rudolf"]
[Black "Schaefer, Annabelle"]
[Result "1/2-1/2"]
[WhiteElo "2108"]
[BlackElo "1957"]
[PlyCount "44"]
[EventDate "2013.07.11"]
[EventType "swiss"]
[EventRounds "7"]
[EventCountry "GER"]
[SourceTitle "EXT 2014"]
[Source "ChessBase"]
[SourceDate "2013.11.20"]
[SourceVersion "1"]
[SourceVersionDate "2013.11.20"]
[SourceQuality "1"]

1. e4 e5 2. Nf3 Nf6 3. Nc3 Nc6 4. d4 exd4 5. Nxd4 Bb4 6. Nxc6 bxc6 7. Bd3 d5 8. exd5 cxd5 9. 0-0 0-0 10. Bg5 c6 11. Qf3 Be7 12. h3 Be6 13. Rfe1 Rb8 14. Na4 Qa5 15. b3 c5 16. Rad1 Rfe8 17. Bf5 Bxf5 18. Qxf5 Rbd8 19. Re5 Bd6 20. Bxf6 gxf6 21. Re3 Rxe3 22. fxe3 Be5 1/2-1/2

[Event "Karl Mala Memorial op-A 16th"]
[Site "Frankfurt"]
[Date "2013.07.12"]
[Round "3"]
[White "Schaefer, Annabelle"]
[Black "Schoen, Ralf"]
[Result "0-1"]
[WhiteElo "1957"]
[BlackElo "2206"]
[PlyCount "152"]
[EventDate "2013.07.11"]
[EventType "swiss"]
[EventRounds "7"]
[EventCountry "GER"]
[SourceTitle "EXT 2014"]
[Source "ChessBase"]
[SourceDate "2013.11.20"]
[SourceVersion "1"]
[SourceVersionDate "2013.11.20"]
[SourceQuality "1"]

1. e4 c5 2. Nf3 d6 3. d4 cxd4 4. Nxd4 Nf6 5. f3 e5 6. Nb3 Be6 7. c4 Be7 8. Be3 0-0 9. Be2 a5 10. Nc3 a4 11. Nd2 Qa5 12. 0-0 a3 13. Qc2 Nbd7 14. b3 Rfc8 15. Rfc1 Bd8 16. Nb5 Bb6 17. Qc3 Rc6 18. Nf1 Ne8 19. Qxa5 Rxa5 20. Bxb6 Nxb6 21. Rd1 Kf8 22. Rd2 Ke7 23. Rad1 Ra8 24. Ne3 g6 25. Nc2 Nc8 26. Ncxa3 Rca6 27. Nc2 Rxa2 28. Nb4 Rxd2 29. Rxd2 Ra1+ 30. Kf2 Rb1 31. Bd1 f6 32. Nc3 Ra1 33. Nba2 Nc7 34. Ke3 Na7 35. Kd3 b5 36. Nd5+ Bxd5 37. cxd5 b4 38. Nxb4 Nab5 39. Nc6+ Kd7 40. Be2 Rh1 41. h3 Rg1 42. Bd1 Na3 43. Ke3 Ncb5 44. Kf2 Rh1 45. Be2 Rb1 46. Bxb5 Nxb5 47. b4 f5 48. Ke3 Rb3+ 49. Rd3 f4+ 50. Ke2 Rb1 51. Nb8+ Kc7 52. Nc6 Kb6 53. Rd2 Ra1 54. Kd3 h5 55. Rc2 g5 56. Rb2 Ra3+ 57. Kd2 g4 58. hxg4 hxg4 59. Na5 Kc7 60. Nb3 g3 61. Rc2+ Kd7 62. Rb2 Ra4 63. Na5 Ra1 64. Nc6 Kc7 65. Rc2 Kb6 66. Rb2 Na3 67. Kc3 Re1 68. Ra2 Re3+ 69. Kd2 Nb1+ 70. Kc1 Re1+ 71. Kc2 Rf1 72. Na5 Nd2 73. Kd3 Nxf3 74. Nc4+ Kb7 75. gxf3 Rxf3+ 76. Kc2 g2 0-1

[Event "GER-ch U16 Girls"]
[Site "Oberhof"]
[Date "2013.05.20"]
[Round "3"]
[White "Schaefer, Annabelle"]
[Black "Diederichs, Luise"]
[Result "1/2-1/2"]
[WhiteElo "1957"]
[BlackElo "1906"]
[PlyCount "61"]
[EventDate "2013.05.19"]
[EventType "swiss"]
[EventRounds "9"]
[EventCountry "GER"]
[SourceTitle "CBM 154 Extra"]
[Source "ChessBase"]
[SourceDate "2013.06.25"]
[SourceVersion "2"]
[SourceVersionDate "2013.06.25"]
[SourceQuality "1"]

1. e4 c5 2. Nc3 d6 3. f4 g6 4. Nf3 Bg7 5. Bc4 e6 6. f5 exf5 7. d3 Ne7 8. 0-0 0-0 9. Qe1 Nbc6 10. Qh4 Qd7 11. Bh6 fxe4 12. Bxg7 Nf5 13. Qf6 Nxg7 14. Ng5 Ne5 15. Nd5 Re8 16. Qxe5 Rxe5 17. Nf6+ Kh8 18. Nxd7 Rxg5 19. Rxf7 Bxd7 20. Rxd7 exd3 21. Bxd3 Ne6 22. Rf1 Rf8 23. Rxf8+ Nxf8 24. Rxd6 Kg7 25. Be4 b6 26. Rc6 Re5 27. Bd3 Re7 28. a4 Ne6 29. Kf2 Nd4 30. Rc8 Rf7+ 31. Ke3 1/2-1/2

[Event "GER-ch U16 Girls"]
[Site "Oberhof"]
[Date "2013.05.19"]
[Round "1"]
[White "Schaefer, Annabelle"]
[Black "Koch, Elisabeth"]
[Result "1-0"]
[WhiteElo "1957"]
[BlackElo "1732"]
[PlyCount "41"]
[EventDate "2013.05.19"]
[EventType "swiss"]
[EventRounds "9"]
[EventCountry "GER"]
[SourceTitle "CBM 154 Extra"]
[Source "ChessBase"]
[SourceDate "2013.06.25"]
[SourceVersion "2"]
[SourceVersionDate "2013.06.25"]
[SourceQuality "1"]

1. e4 e5 2. Nf3 Nc6 3. Bb5 a6 4. Ba4 Nf6 5. d3 b5 6. Bb3 Bc5 7. 0-0 h6 8. c3 d6 9. d4 exd4 10. cxd4 Bb6 11. h3 0-0 12. Re1 Re8 13. Nc3 b4 14. Nd5 Na5 15. Ba4 Bd7 16. Nxf6+ gxf6 17. Bxd7 Qxd7 18. Bxh6 Rad8 19. Nh4 Nc6 20. Nf5 Ne7 21. Qh5 1-0

[Event "Hofheim Spring op-A 1st"]
[Site "Hofheim"]
[Date "2013.04.05"]
[Round "7"]
[White "Schaefer, Annabelle"]
[Black "Meilinger, Claus"]
[Result "1/2-1/2"]
[WhiteElo "1955"]
[BlackElo "2019"]
[PlyCount "99"]
[EventDate "2013.04.02"]
[EventType "swiss"]
[EventRounds "9"]
[EventCountry "GER"]
[SourceTitle "EXT 2018"]
[Source "ChessBase"]
[SourceDate "2017.10.13"]
[SourceVersion "1"]
[SourceVersionDate "2017.10.13"]
[SourceQuality "1"]

1. e4 c5 2. Nf3 d6 3. d4 cxd4 4. Nxd4 Nf6 5. f3 a6 6. c4 Bd7 7. Nc3 Nc6 8. Be3 e6 9. Be2 Be7 10. Qd2 Qc7 11. Rc1 0-0 12. Nd5 exd5 13. cxd5 Rfc8 14. dxc6 bxc6 15. 0-0 Qb7 16. Nb3 c5 17. e5 dxe5 18. Nxc5 Bxc5 19. Bxc5 Bb5 20. Bxb5 Qxb5 21. Qb4 Qe8 22. Rfe1 Nd7 23. Bf2 Qe6 24. b3 h6 25. Qb7 Nf8 26. g3 Rab8 27. Qe4 Ng6 28. Kg2 Rb5 29. Red1 Kh7 30. h4 h5 31. Rxc8 Qxc8 32. Rd6 Rb8 33. Qc6 Qf5 34. Qxa6 e4 35. Qe2 Rb4 36. fxe4 Rxe4 37. Qf3 Qe5 38. Rd7 f6 39. Qd3 Qe6 40. Rd6 Qg4 41. Kf1 Ne5 42. Qd1 Qh3+ 43. Kg1 Ng4 44. Qf3 Re7 45. Rd2 Rc7 46. Qf5+ g6 47. Rd7+ Rxd7 48. Qxd7+ Kh6 49. Qd2+ Kg7 50. Qd7+ 1/2-1/2

[Event "Hofheim Spring op-A 1st"]
[Site "Hofheim"]
[Date "2013.04.04"]
[Round "5"]
[White "Schaefer, Annabelle"]
[Black "Seidel, Juergen"]
[Result "0-1"]
[WhiteElo "1955"]
[BlackElo "2083"]
[PlyCount "60"]
[EventDate "2013.04.02"]
[EventType "swiss"]
[EventRounds "9"]
[EventCountry "GER"]
[SourceTitle "CBM 153 Extra"]
[Source "ChessBase"]
[SourceDate "2013.04.22"]
[SourceVersion "1"]
[SourceVersionDate "2013.04.22"]
[SourceQuality "1"]

1. e4 d6 2. d4 c6 3. Nc3 Qc7 4. f4 e5 5. Nf3 Nd7 6. Bc4 b5 7. Bb3 a5 8. a3 exd4 9. Nxd4 Nc5 10. Ba2 Be7 11. Ndxb5 cxb5 12. Qd5 Bh4+ 13. g3 Rb8 14. gxh4 b4 15. axb4 axb4 16. Qd4 bxc3 17. Qxg7 Qe7 18. Bxf7+ Qxf7 19. Qxh8 Nxe4 20. Qd4 Ngf6 21. bxc3 Qh5 22. Be3 Qxh4+ 23. Ke2 Qh5+ 24. Ke1 Ba6 25. c4 Rb4 26. Qa7 Nc3 27. Qa8+ Ke7 28. Qg2 Bb7 29. Ra7 Qd1+ 30. Kf2 Nce4+ 0-1

[Event "BL2 Sued 1213 (Women)"]
[Site "Germany"]
[Date "2013.03.10"]
[Round "7.3"]
[White "Ronkina, Vera"]
[Black "Schaefer, Annabelle"]
[Result "1/2-1/2"]
[WhiteElo "1821"]
[BlackElo "1904"]
[PlyCount "94"]
[EventDate "2012.10.06"]
[EventType "team-tourn"]
[EventRounds "7"]
[EventCountry "GER"]
[SourceTitle "EXT 2018"]
[Source "ChessBase"]
[SourceDate "2017.10.13"]
[SourceVersion "1"]
[SourceVersionDate "2017.10.13"]
[SourceQuality "1"]
[WhiteTeam "Neuperlach (W)"]
[BlackTeam "Friedberg (W) II"]
[WhiteTeamCountry "GER"]
[BlackTeamCountry "GER"]

1. Nf3 d5 2. d4 Nf6 3. Bg5 e6 4. e3 Be7 5. Bd3 c5 6. c3 Nc6 7. 0-0 0-0 8. dxc5 Bxc5 9. Qc2 h6 10. Bh4 Bd7 11. Nbd2 Rc8 12. Nb3 Be7 13. Nbd4 Nb4 14. Qe2 Nxd3 15. Qxd3 a6 16. Rfd1 Qc7 17. Bg3 Qb6 18. Rab1 Ne4 19. Ne5 Be8 20. f3 Nxg3 21. hxg3 Bd6 22. f4 Bxe5 23. fxe5 Qc7 24. Nf3 Bb5 25. Qd4 Be2 26. Rd2 Bxf3 27. gxf3 Qa5 28. a3 Rc4 29. Qd3 Qc7 30. f4 Rc8 31. Rbd1 Qb6 32. Kg2 Qc6 33. Kf2 b5 34. g4 Qb6 35. Kg3 Re4 36. Kf3 Qb7 37. Kf2 Qe7 38. Rh1 f6 39. exf6 Qxf6 40. Kg3 Rf8 41. Rf2 Kf7 42. Qe2 Ke7 43. Rhf1 g5 44. Qf3 Qg7 45. Rh2 gxf4+ 46. exf4 Rg8 47. Re2 h5 1/2-1/2

[Event "BL2 Sued 1213 (Women)"]
[Site "Germany"]
[Date "2013.03.09"]
[Round "6.3"]
[White "Schaefer, Annabelle"]
[Black "Aswathy, Balagopalan"]
[Result "1-0"]
[WhiteElo "1904"]
[BlackElo "1939"]
[PlyCount "103"]
[EventDate "2012.10.06"]
[EventType "team-tourn"]
[EventRounds "7"]
[EventCountry "GER"]
[SourceTitle "EXT 2018"]
[Source "ChessBase"]
[SourceDate "2017.10.13"]
[SourceVersion "1"]
[SourceVersionDate "2017.10.13"]
[SourceQuality "1"]
[WhiteTeam "Friedberg (W) II"]
[BlackTeam "Bayern Muenchen (W)"]
[WhiteTeamCountry "GER"]
[BlackTeamCountry "GER"]

1. e4 c5 2. Nf3 d6 3. d4 cxd4 4. Nxd4 Nf6 5. f3 e5 6. Nb3 Be6 7. c4 Nc6 8. Nc3 Be7 9. Be3 Na5 10. Nxa5 Qxa5 11. Qd2 a6 12. Be2 Rc8 13. b4 Qc7 14. Nd5 Bxd5 15. exd5 0-0 16. 0-0 Rfd8 17. Rac1 b6 18. Bd3 Qb7 19. Qe2 b5 20. cxb5 axb5 21. Bxb5 Qxd5 22. a4 Qe6 23. Bb6 Rf8 24. a5 d5 25. Qd2 d4 26. Ba6 Rxc1 27. Rxc1 Nd7 28. Bc8 Qd5 29. Bxd7 Qxd7 30. Rc7 Qe6 31. b5 Bd8 32. Rc6 Qb3 33. Bxd8 Qxb5 34. Rb6 Qc5 35. Bh4 h6 36. Be1 Rc8 37. Qb4 Qc1 38. Rb8 Qe3+ 39. Kh1 Rxb8 40. Qxb8+ Kh7 41. Qb1+ d3 42. Qd1 f5 43. Qd2 Qd4 44. h3 g5 45. Qb4 Qe3 46. Bd2 Qf2 47. a6 g4 48. hxg4 Qf1+ 49. Kh2 fxg4 50. Qxg4 Qe2 51. Qe4+ Qxe4 52. fxe4 1-0

[Event "Vellmar op-A 4th"]
[Site "Vellmar"]
[Date "2012.07.27"]
[Round "3"]
[White "Krausse, Eckhard"]
[Black "Schaefer, Annabelle"]
[Result "0-1"]
[WhiteElo "2008"]
[BlackElo "1860"]
[PlyCount "76"]
[EventDate "2012.07.26"]
[EventType "swiss"]
[EventRounds "7"]
[EventCountry "GER"]
[SourceTitle "EXT 2014"]
[Source "ChessBase"]
[SourceDate "2013.11.20"]
[SourceVersion "1"]
[SourceVersionDate "2013.11.20"]
[SourceQuality "1"]

1. e4 e5 2. Nf3 Nc6 3. d4 exd4 4. Nxd4 Bb4+ 5. c3 Bc5 6. Be3 Bb6 7. Nd2 Nf6 8. Bc4 Nxd4 9. cxd4 d5 10. exd5 Nxd5 11. Qh5 Be6 12. 0-0 Qd7 13. Bg5 Bxd4 14. Rfe1 0-0 15. Ne4 b6 16. Rad1 c5 17. Nc3 Nxc3 18. bxc3 Bxc4 19. cxd4 cxd4 20. Re4 Rae8 21. Rh4 Bd3 22. h3 Bg6 23. Qf3 d3 24. Be3 Qe6 25. Rd4 Qxa2 26. Rd7 Rd8 27. Rc7 Qe2 28. Rxa7 Qxf3 29. gxf3 b5 30. Bf4 Rd5 31. Rb7 h6 32. Bd2 Bh5 33. Rb1 Bxf3 34. R1xb5 Rfd8 35. Rxd5 Rxd5 36. Rb8+ Kh7 37. Z0 Rd6 38. Kh2 Rg6 0-1

[Event "Vellmar op-A 4th"]
[Site "Vellmar"]
[Date "2012.07.27"]
[Round "2"]
[White "Schaefer, Annabelle"]
[Black "Knoth, Eugen"]
[Result "1/2-1/2"]
[WhiteElo "1860"]
[BlackElo "2019"]
[PlyCount "44"]
[EventDate "2012.07.26"]
[EventType "swiss"]
[EventRounds "7"]
[EventCountry "GER"]
[SourceTitle "EXT 2014"]
[Source "ChessBase"]
[SourceDate "2013.11.20"]
[SourceVersion "1"]
[SourceVersionDate "2013.11.20"]
[SourceQuality "1"]

1. e4 d5 2. exd5 Qxd5 3. Nc3 Qd6 4. d4 Nf6 5. h3 a6 6. Nf3 b5 7. a3 Bb7 8. Be3 e6 9. Be2 Be7 10. Qd2 Nbd7 11. Bf4 Qb6 12. 0-0 0-0 13. Rfe1 Rad8 14. Be3 c5 15. dxc5 Nxc5 16. Qc1 Qc7 17. Bf4 Qc8 18. Rd1 Nce4 19. Nxe4 Bxe4 20. Rxd8 Rxd8 21. c4 Bxf3 22. gxf3 bxc4 1/2-1/2

[Event "GER-chT Federal Cup (Women)"]
[Site "Braunfels"]
[Date "2012.06.07"]
[Round "1.7"]
[White "Schaefer, Annabelle"]
[Black "Neumann, Ramona"]
[Result "1-0"]
[WhiteElo "1803"]
[BlackElo "1739"]
[PlyCount "49"]
[EventDate "2012.06.07"]
[EventType "team-swiss"]
[EventRounds "5"]
[EventCountry "GER"]
[SourceTitle "CBM 149 Extra"]
[Source "ChessBase"]
[SourceDate "2012.08.24"]
[SourceVersion "1"]
[SourceVersionDate "2012.08.24"]
[SourceQuality "1"]
[WhiteTeam "Hessen (W)"]
[BlackTeam "Hamburg (W)"]
[WhiteTeamCountry "GER"]
[BlackTeamCountry "GER"]

1. e4 e6 2. d4 d5 3. Nc3 Bb4 4. a3 Bxc3+ 5. bxc3 Ne7 6. Qg4 0-0 7. e5 c5 8. Bd3 c4 9. Bh6 Ng6 10. Bxg6 fxg6 11. Be3 Nc6 12. h4 Rf5 13. Qh3 Qf8 14. g4 Rf7 15. Qh2 Bd7 16. h5 gxh5 17. Qxh5 g6 18. Qh3 Qe7 19. Bh6 Re8 20. Nf3 Qd8 21. Bg5 Qc7 22. Bf6 Bc8 23. Ng5 Rd7 24. Qh6 Nd8 25. Qxg6+ 1-0

[Event "GER-ch U16 Girls"]
[Site "Oberhof"]
[Date "2012.06.01"]
[Round "8"]
[White "Diederichs, Luise"]
[Black "Schaefer, Annabelle"]
[Result "1/2-1/2"]
[WhiteElo "1834"]
[BlackElo "1835"]
[PlyCount "71"]
[EventDate "2012.05.27"]
[EventType "swiss"]
[EventRounds "9"]
[EventCountry "GER"]
[SourceTitle "CBM 148 Extra"]
[Source "ChessBase"]
[SourceDate "2012.06.22"]
[SourceVersion "1"]
[SourceVersionDate "2012.06.22"]
[SourceQuality "1"]

1. f4 d5 2. g3 c6 3. Nf3 Nf6 4. Bg2 Bg4 5. 0-0 e6 6. d3 Bd6 7. Qe1 Nbd7 8. c3 e5 9. fxe5 Nxe5 10. Nxe5 Bxe5 11. d4 Bd6 12. Bg5 Be7 13. Nd2 0-0 14. e4 dxe4 15. Nxe4 Nxe4 16. Bxe7 Qxe7 17. Qxe4 Qxe4 18. Bxe4 Rae8 19. Rfe1 Be6 20. Bg2 f6 21. a3 Kf7 22. Kf2 Bc4 23. Bf3 g6 24. Rad1 Bb3 25. Rc1 Bc4 26. Rcd1 Bb3 27. Rc1 Bc4 28. Rcd1 Rxe1 29. Rxe1 Rd8 30. Re3 Bd5 31. Bxd5+ Rxd5 32. Re4 Rb5 33. Re2 Rd5 34. Re4 Rb5 35. Re2 Rd5 36. Re4 1/2-1/2

[Event "GER-ch U16 Girls"]
[Site "Oberhof"]
[Date "2012.05.29"]
[Round "5"]
[White "Schaefer, Annabelle"]
[Black "Spiegelberg, Silvia"]
[Result "1-0"]
[WhiteElo "1835"]
[BlackElo "1914"]
[PlyCount "105"]
[EventDate "2012.05.27"]
[EventType "swiss"]
[EventRounds "9"]
[EventCountry "GER"]
[SourceTitle "CBM 148 Extra"]
[Source "ChessBase"]
[SourceDate "2012.06.22"]
[SourceVersion "1"]
[SourceVersionDate "2012.06.22"]
[SourceQuality "1"]

1. e4 e5 2. Nf3 Nc6 3. Bc4 Bc5 4. c3 Nf6 5. d3 a6 6. Bb3 Ba7 7. Nbd2 d6 8. Qe2 0-0 9. h3 h6 10. g4 Nh7 11. Nf1 Be6 12. Bc2 d5 13. Ng3 dxe4 14. dxe4 b5 15. b3 Qe7 16. Bd2 b4 17. Nf5 Bxf5 18. gxf5 bxc3 19. Bxc3 Qc5 20. Bb2 Nb4 21. Bb1 Rfe8 22. 0-0 Qd6 23. Rd1 Qf6 24. Kg2 Nc6 25. Bd3 Ng5 26. Nxg5 Qxg5+ 27. Qg4 Qxg4+ 28. hxg4 Bd4 29. Bxd4 exd4 30. Rac1 Nb4 31. Bb1 d3 32. f3 Rac8 33. a3 Nc2 34. Bxc2 dxc2 35. Rxc2 Re7 36. Rc6 Rb8 37. Rd3 Ra8 38. Kf2 f6 39. Rdc3 Ra7 40. R3c4 Rd7 41. Ke2 Rb7 42. b4 Ra7 43. R4c5 a5 44. bxa5 Rd4 45. Rxc7 Rxc7 46. Rxc7 Ra4 47. Ra7 Rxa3 48. a6 Ra2+ 49. Kd3 Kf8 50. Kd4 Ra3 51. f4 Ra1 52. Kd5 Rd1+ 53. Ke6 1-0

[Event "Pfalz op 03rd"]
[Site "Neustadt an der Weinstrasse"]
[Date "2012.03.03"]
[Round "9"]
[White "Schaefer, Annabelle"]
[Black "Walter, Thomas"]
[Result "0-1"]
[WhiteElo "1676"]
[BlackElo "2104"]
[PlyCount "92"]
[EventDate "2012.02.17"]
[EventType "swiss"]
[EventRounds "9"]
[EventCountry "GER"]
[SourceTitle "EXT 2013"]
[Source "ChessBase"]
[SourceDate "2012.11.22"]
[SourceVersion "1"]
[SourceVersionDate "2012.11.22"]
[SourceQuality "1"]

1. e4 g6 2. d4 Bg7 3. f4 d5 4. e5 h5 5. Bd3 Nh6 6. Nd2 Bg4 7. Ndf3 c5 8. c3 Qb6 9. h3 Bf5 10. Ne2 Nc6 11. dxc5 Qxc5 12. Ned4 Bxd3 13. Qxd3 Nxd4 14. Nxd4 0-0 15. Be3 Qc4 16. Qxc4 dxc4 17. 0-0-0 Rfd8 18. Rhg1 Rd5 19. g4 hxg4 20. hxg4 Rad8 21. Rd2 f6 22. exf6 exf6 23. f5 g5 24. Ne6 Rxd2 25. Bxd2 Rd5 26. Be3 b6 27. Bd4 Kf7 28. Kd2 Bf8 29. Ke3 Bc5 30. Kf3 Nxf5 31. Nxg5+ fxg5 32. gxf5 Bxd4 33. cxd4 Rxf5+ 34. Ke3 Ra5 35. a3 Kg6 36. Rc1 Rb5 37. Rc2 Kf5 38. Rf2+ Ke6 39. Ke4 g4 40. Rg2 Rg5 41. Kf4 Rg7 42. Ke4 g3 43. d5+ Kd6 44. Kd4 Rg4+ 45. Kc3 Kxd5 46. a4 Ke4 0-1

[Event "Pfalz op 03rd"]
[Site "Neustadt an der Weinstrasse"]
[Date "2012.02.20"]
[Round "2"]
[White "Solomunovic, Igor"]
[Black "Schaefer, Annabelle"]
[Result "1-0"]
[WhiteElo "2421"]
[BlackElo "1676"]
[PlyCount "43"]
[EventDate "2012.02.17"]
[EventType "swiss"]
[EventRounds "9"]
[EventCountry "GER"]
[SourceTitle "EXT 2013"]
[Source "ChessBase"]
[SourceDate "2012.11.22"]
[SourceVersion "1"]
[SourceVersionDate "2012.11.22"]
[SourceQuality "1"]

1. e4 e5 2. Nf3 Nf6 3. Nxe5 d6 4. Nf3 Nxe4 5. d4 d5 6. Bd3 Be7 7. 0-0 0-0 8. Nc3 f5 9. Ne5 Nc6 10. Nxd5 Bd6 11. Nxc6 bxc6 12. Nc3 Bxh2+ 13. Kxh2 Qh4+ 14. Kg1 Nxc3 15. bxc3 f4 16. f3 h5 17. Qe1 Qg5 18. Qe5 Qh6 19. g3 g5 20. gxf4 gxf4 21. Kf2 Bg4 22. Bd2 1-0

[Event "Hessen-ch U14/18 Girls"]
[Site "Bad Homburg"]
[Date "2012.??.??"]
[Round "4"]
[White "Liez, Tatjana"]
[Black "Schaefer, Annabelle"]
[Result "1/2-1/2"]
[WhiteElo "1565"]
[BlackElo "1803"]
[PlyCount "39"]
[EventDate "2012.04.??"]
[EventType "swiss"]
[EventRounds "9"]
[EventCountry "GER"]
[SourceTitle "EXT 2015"]
[Source "ChessBase"]
[SourceDate "2014.11.20"]
[SourceVersion "1"]
[SourceVersionDate "2014.11.20"]
[SourceQuality "1"]

1. e4 e5 2. Nf3 Nc6 3. Bc4 Bc5 4. d3 Nf6 5. Bg5 h6 6. Be3 Bb6 7. Nc3 d6 8. Bb3 Ne7 9. Qe2 Be6 10. 0-0 g5 11. Qd2 Ng6 12. d4 Qe7 13. dxe5 dxe5 14. Rad1 Bg4 15. Bxb6 Bxf3 16. Bxc7 Bxe4 17. Nxe4 Nxe4 18. Ba4+ Kf8 19. Qd7 Qxd7 20. Bxd7 1/2-1/2